000 00725nam a22002537a 4500
001 BR7310298
003 BR-BrBNA
005 20230928084200.0
007 ta
008 230509b bl.||||| |||| 00| 0 por d
040 _aBR-BrBNA
_bpor
_cBiblioteca Nacional de Agricultura
041 _a(Por)
072 _aL30
_b5213
_b/G514
090 _ 5213 BR7310298
110 1 _aAssociacao Brasileira dos Criadores de Zebu, Uberaba, MG (Brasil)
245 1 _aProva oficial de ganho de peso [Gado zebu; Minas Gerais; Brasil]
260 3 _aUberaba, MG (Brasil):
_c1973.
300 _a6 p.
500 _aNumerical data
650 _aGADO ZEBU
650 _aGANHO DE PESO
909 _a202309
_bLucia
_c55
_dLucia Elande
942 _cBK
999 _c17333
_d17333